00972nam a2200253 i 4500003000900000005001700009007000300026008004100029040003000070082001400100245005800114264005000172300005300222336002700275337003400302338002800336504002600364590002700390700004400417910001400461942001400475952021200489999001700701DO-SdBNP20240910095647.0ta240910s1978 cu ac 000 j spa d aDO-SdBNPbspacBNPHUerda bG633R22210aMáximo Gómez /ccompilación Armando Rodríguez 1aSantiago de Cuba :bEditorial Oriente,c1978. a56 páginas, bilustraciones, retratosc18 cm. 2rdacontentatextobtxt 2rdamediaasin mediación bn 2rdacarrieravolumenbnc aBibliografía p: 56. aInventariado, 2024/ YL1 aRodríguez, Armandoecompilador986540 aYLockward 2ddccLBS1 00102ddc51708PDaBNPHUbBNPHUcCTd2023-03-01eDonado por Emilio Cordero Michell0oBNPHU PD G633Rp2024-5293r2024-09-10w2024-09-10yLBS1zPerteneció a la biblioteca personal de Emilio Cordero Michel c57663d57663